<?xml version="1.0" encoding="UTF-8"?>
<record
    xmlns:xsi="http://www.w3.org/2001/XMLSchema-instance"
    xsi:schemaLocation="http://www.loc.gov/MARC21/slim http://www.loc.gov/standards/marcxml/schema/MARC21slim.xsd"
    xmlns="http://www.loc.gov/MARC21/slim">

  <leader>01341nam a2200205 a 4500</leader>
  <controlfield tag="008">150220s2010    ||||||||||||||||| ||    u</controlfield>
  <datafield tag="020" ind1=" " ind2=" ">
    <subfield code="a">9780199582815</subfield>
  </datafield>
  <datafield tag="050" ind1=" " ind2=" ">
    <subfield code="a">RC 672 Che</subfield>
  </datafield>
  <datafield tag="100" ind1=" " ind2=" ">
    <subfield code="a">Chenzbraun, Adrian</subfield>
  </datafield>
  <datafield tag="245" ind1="1" ind2="0">
    <subfield code="a">Heart disease</subfield>
    <subfield code="c">By Adrian Chenzbraun</subfield>
  </datafield>
  <datafield tag="260" ind1=" " ind2=" ">
    <subfield code="a">New York:</subfield>
    <subfield code="b">Oxford University Press</subfield>
    <subfield code="c">2010</subfield>
  </datafield>
  <datafield tag="300" ind1=" " ind2=" ">
    <subfield code="a">xiii, 148p.: ill.</subfield>
  </datafield>
  <datafield tag="350" ind1=" " ind2=" ">
    <subfield code="a">17.95</subfield>
  </datafield>
  <datafield tag="650" ind1=" " ind2=" ">
    <subfield code="a">HEART--DISEASE--POPULAR WORKS</subfield>
  </datafield>
  <datafield tag="995" ind1=" " ind2=" ">
    <subfield code="a">MEDICAL LIBRARY OPEN ACCESS</subfield>
    <subfield code="e">902714</subfield>
    <subfield code="F">CBU-SCHOOL OF MEDICINE LIBRARY (Ndola)</subfield>
    <subfield code="I">17.95</subfield>
    <subfield code="j">RC 672 Che</subfield>
    <subfield code="M">4</subfield>
    <subfield code="U">AVAILABLE</subfield>
    <subfield code="W">Mar 3, 2015</subfield>
    <subfield code="y">902714</subfield>
    <subfield code="Z">Medical Library Open Access Collection</subfield>
  </datafield>
  <datafield tag="995" ind1=" " ind2=" ">
    <subfield code="a">MEDICAL LIBRARY OPEN ACCESS</subfield>
    <subfield code="e">902715</subfield>
    <subfield code="F">CBU-SCHOOL OF MEDICINE LIBRARY (Ndola)</subfield>
    <subfield code="I">17.95</subfield>
    <subfield code="j">RC 672 Che</subfield>
    <subfield code="M">5</subfield>
    <subfield code="U">AVAILABLE</subfield>
    <subfield code="W">Mar 3, 2015</subfield>
    <subfield code="y">902715</subfield>
    <subfield code="Z">Medical Library Open Access Collection</subfield>
  </datafield>
  <datafield tag="995" ind1=" " ind2=" ">
    <subfield code="a">MEDICAL LIBRARY OPEN ACCESS</subfield>
    <subfield code="e">902711</subfield>
    <subfield code="F">CBU-SCHOOL OF MEDICINE LIBRARY (Ndola)</subfield>
    <subfield code="I">17.95</subfield>
    <subfield code="j">RC 672 Che</subfield>
    <subfield code="M">1</subfield>
    <subfield code="U">AVAILABLE</subfield>
    <subfield code="W">Mar 3, 2015</subfield>
    <subfield code="y">902711</subfield>
    <subfield code="Z">Medical Library Open Access Collection</subfield>
  </datafield>
  <datafield tag="995" ind1=" " ind2=" ">
    <subfield code="a">MEDICAL LIBRARY OPEN ACCESS</subfield>
    <subfield code="e">902712</subfield>
    <subfield code="F">CBU-SCHOOL OF MEDICINE LIBRARY (Ndola)</subfield>
    <subfield code="I">17.95</subfield>
    <subfield code="j">RC 672 Che</subfield>
    <subfield code="M">2</subfield>
    <subfield code="U">AVAILABLE</subfield>
    <subfield code="W">Mar 3, 2015</subfield>
    <subfield code="y">902712</subfield>
    <subfield code="Z">Medical Library Open Access Collection</subfield>
  </datafield>
  <datafield tag="995" ind1=" " ind2=" ">
    <subfield code="a">MEDICAL LIBRARY OPEN ACCESS</subfield>
    <subfield code="e">902713</subfield>
    <subfield code="F">CBU-SCHOOL OF MEDICINE LIBRARY (Ndola)</subfield>
    <subfield code="I">17.95</subfield>
    <subfield code="j">RC 672 Che</subfield>
    <subfield code="M">3</subfield>
    <subfield code="U">AVAILABLE</subfield>
    <subfield code="W">Mar 3, 2015</subfield>
    <subfield code="y">902713</subfield>
    <subfield code="Z">Medical Library Open Access Collection</subfield>
  </datafield>
  <datafield tag="999" ind1=" " ind2=" ">
    <subfield code="c">63955</subfield>
    <subfield code="d">63955</subfield>
  </datafield>
  <datafield tag="952" ind1=" " ind2=" ">
    <subfield code="0">0</subfield>
    <subfield code="1">0</subfield>
    <subfield code="2">lcc</subfield>
    <subfield code="4">0</subfield>
    <subfield code="7">0</subfield>
    <subfield code="a">002</subfield>
    <subfield code="b">002</subfield>
    <subfield code="c">Medical Library Open Access Collection</subfield>
    <subfield code="d">2023-02-01</subfield>
    <subfield code="l">0</subfield>
    <subfield code="o">RC 672 Che</subfield>
    <subfield code="p">902714</subfield>
    <subfield code="r">2023-02-01</subfield>
    <subfield code="t">1</subfield>
    <subfield code="w">2023-02-01</subfield>
    <subfield code="y">002</subfield>
  </datafield>
  <datafield tag="952" ind1=" " ind2=" ">
    <subfield code="0">0</subfield>
    <subfield code="1">0</subfield>
    <subfield code="2">lcc</subfield>
    <subfield code="4">0</subfield>
    <subfield code="7">0</subfield>
    <subfield code="a">002</subfield>
    <subfield code="b">002</subfield>
    <subfield code="c">Medical Library Open Access Collection</subfield>
    <subfield code="d">2023-02-01</subfield>
    <subfield code="l">0</subfield>
    <subfield code="o">RC 672 Che</subfield>
    <subfield code="p">902715</subfield>
    <subfield code="r">2023-02-01</subfield>
    <subfield code="t">2</subfield>
    <subfield code="w">2023-02-01</subfield>
    <subfield code="y">002</subfield>
  </datafield>
  <datafield tag="952" ind1=" " ind2=" ">
    <subfield code="0">0</subfield>
    <subfield code="1">0</subfield>
    <subfield code="2">lcc</subfield>
    <subfield code="4">0</subfield>
    <subfield code="7">0</subfield>
    <subfield code="a">002</subfield>
    <subfield code="b">002</subfield>
    <subfield code="c">Medical Library Open Access Collection</subfield>
    <subfield code="d">2023-02-01</subfield>
    <subfield code="l">0</subfield>
    <subfield code="o">RC 672 Che</subfield>
    <subfield code="p">902711</subfield>
    <subfield code="r">2023-02-01</subfield>
    <subfield code="t">3</subfield>
    <subfield code="w">2023-02-01</subfield>
    <subfield code="y">002</subfield>
  </datafield>
  <datafield tag="952" ind1=" " ind2=" ">
    <subfield code="0">0</subfield>
    <subfield code="1">0</subfield>
    <subfield code="2">lcc</subfield>
    <subfield code="4">0</subfield>
    <subfield code="7">0</subfield>
    <subfield code="a">002</subfield>
    <subfield code="b">002</subfield>
    <subfield code="c">Medical Library Open Access Collection</subfield>
    <subfield code="d">2023-02-01</subfield>
    <subfield code="l">0</subfield>
    <subfield code="o">RC 672 Che</subfield>
    <subfield code="p">902712</subfield>
    <subfield code="r">2023-02-01</subfield>
    <subfield code="t">4</subfield>
    <subfield code="w">2023-02-01</subfield>
    <subfield code="y">002</subfield>
  </datafield>
  <datafield tag="952" ind1=" " ind2=" ">
    <subfield code="0">0</subfield>
    <subfield code="1">0</subfield>
    <subfield code="2">lcc</subfield>
    <subfield code="4">0</subfield>
    <subfield code="7">0</subfield>
    <subfield code="a">002</subfield>
    <subfield code="b">002</subfield>
    <subfield code="c">Medical Library Open Access Collection</subfield>
    <subfield code="d">2023-02-01</subfield>
    <subfield code="l">0</subfield>
    <subfield code="o">RC 672 Che</subfield>
    <subfield code="p">902713</subfield>
    <subfield code="r">2023-02-01</subfield>
    <subfield code="t">5</subfield>
    <subfield code="w">2023-02-01</subfield>
    <subfield code="y">002</subfield>
  </datafield>
</record>
